LEADER 01253nam--2200397---450- 001 990000869510203316 005 20091105105746.0 010 $a88-19-34401-7 035 $a0086951 035 $aUSA010086951 035 $a(ALEPH)000086951USA01 035 $a0086951 100 $a20020114d1987----km-y0itay0103----ba 101 $aita 102 $aIT 105 $a||||||||001yy 200 1 $aIntroduzione alla programmazione strutturata$etecnica per ottenere programmi più chiari, razionali e gestibili$fDomenica Sabatini 210 $aRoma$cBuffetti$d1987 215 $a180 p.$d24 cm 225 2 $aInformatica 410 $12001$aInformatica 461 1$1001-------$12001 606 0 $aElaboratori elettronici$xProgrammazione 676 $a005.113 700 1$aSABATINI,$bDomenico$0350022 801 0$aIT$bsalbc$gISBD 912 $a990000869510203316 951 $a005.113 SAB (IG XXII 17)$b69625 EC$c005.113 SAB (IG XXII)$d00260205 959 $aBK 969 $aTEC 979 $aPATTY$b90$c20020114$lUSA01$h1007 979 $c20020403$lUSA01$h1731 979 $aPATRY$b90$c20040406$lUSA01$h1700 979 $aRSIAV1$b90$c20091105$lUSA01$h1057 996 $aIntroduzione alla programmazione strutturata$9333006 997 $aUNISA LEADER 01478nam2-2200385---450- 001 990003225240203316 005 20090422152012.0 035 $a000322524 035 $aUSA01000322524 035 $a(ALEPH)000322524USA01 035 $a000322524 100 $a20090422d1972----km-y0itay50------ba 101 $aeng 102 $aFR 105 $a||||||||001yy 200 1 $a<> Instruments et méthodes mathématiques. Calcul infinitésimal (intégration sur R, séries) séries de Fourier fonctions analytiques$fCharles Pisot, Marc Zamansky 205 $a2 edition$d1er cycle universitaire - 1 et 2er année. Preparation aux écoles d'ingenieurs. Ecoles d'ingenieurs 210 $aParis$cDunod$d1972 215 $aXVII, 243 p.$d24 cm 225 2 $aMonographies universitaires de mathématiques$v4 410 0$12001$aMonographies universitaires de mathématiques 454 1$12001 461 1$1001000322515$12001$aMonographies universitaires de mathématiques 606 0 $aMatematica$2BNCF 676 $a510 700 1$aPISOT,$bCharles$040865 701 1$aZAMANSKY,$bMarc$040866 801 0$aIT$bsalbc$gISBD 912 $a990003225240203316 951 $a510 PIS/5$b2405/cbs$c510$d00216285 959 $aBK 969 $aSCI 979 $aRSIAV7$b90$c20090422$lUSA01$h1520 996 $aInstruments et méthodes mathématiques. Calcul infinitésimal (intégration sur R, séries) séries de Fourier fonctions analytiques$91011703 997 $aUNISA